Digital Signal Processors : architectures, implementations, and applications (Record no. 8218)

MARC details
000 -LEADER
fixed length control field 00746nam a2200241 a 4500
003 - CONTROL NUMBER IDENTIFIER
control field PK-NaQUE
005 - DATE AND TIME OF LATEST TRANSACTION
control field 20250902100430.0
008 - FIXED-LENGTH DATA ELEMENTS--GENERAL INFORMATION
fixed length control field 250902b ||||| |||| 00| 0 eng d
020 ## - INTERNATIONAL STANDARD BOOK NUMBER
International Standard Book Number 8131717933 (paperback)
020 ## - INTERNATIONAL STANDARD BOOK NUMBER
International Standard Book Number 9788131717936 (paperback)
040 ## - CATALOGING SOURCE
Transcribing agency QUEST
100 1# - MAIN ENTRY--PERSONAL NAME
Personal name Kuo, Sen M.
245 10 - TITLE STATEMENT
Title Digital Signal Processors : architectures, implementations, and applications
260 ## - PUBLICATION, DISTRIBUTION, ETC. (IMPRINT)
Place of publication, distribution, etc [S.l.] :
Name of publisher, distributor, etc Pearson Education,
Date of publication, distribution, etc 2009.
300 ## - PHYSICAL DESCRIPTION
Extent 619 p. ;
650 ## - SUBJECT ADDED ENTRY--TOPICAL TERM
Topical term or geographic name as entry element Signal processing
650 ## - SUBJECT ADDED ENTRY--TOPICAL TERM
Topical term or geographic name as entry element Digital techniques.
650 ## - SUBJECT ADDED ENTRY--TOPICAL TERM
Topical term or geographic name as entry element Signaalverwerking
650 ## - SUBJECT ADDED ENTRY--TOPICAL TERM
Topical term or geographic name as entry element Digitale technieken.
700 1# - ADDED ENTRY--PERSONAL NAME
Personal name Gan, Woon-Seng S.
856 40 - ELECTRONIC LOCATION AND ACCESS
Uniform Resource Identifier <a href="http://10.10.170.122:8080/browse/book/28282">http://10.10.170.122:8080/browse/book/28282</a>
Link text Download eBook
942 ## - ADDED ENTRY ELEMENTS (KOHA)
Koha item type Books
Source of classification or shelving scheme Dewey Decimal Classification
Holdings
Withdrawn status Lost status Damaged status Not for loan Home library Current library Date acquired Cost, normal purchase price Total Checkouts Full call number Barcode Date last seen Price effective from Koha item type Collection code Date checked out
        Central Library, QUEST, Nawabshah Central Library, QUEST, Nawabshah 20/07/2014 1741.00   621.382KUO 50136 20/07/2014 20/07/2014 Books    
        Central Library, QUEST, Nawabshah Central Library, QUEST, Nawabshah 15/10/2014   2 621.382KUO 50234 28/06/2021 15/10/2014 Books   29/10/2019
        Central Library, QUEST, Nawabshah Central Library, QUEST, Nawabshah 15/10/2014     621.382KUO 50266 15/10/2014 15/10/2014 Books    
        Central Library, QUEST, Nawabshah Central Library, QUEST, Nawabshah 15/10/2014     621.382KUO 50267 15/10/2014 15/10/2014 Books    
        Central Library, QUEST, Nawabshah Central Library, QUEST, Nawabshah 15/10/2014     621.382KUO 50268 15/10/2014 15/10/2014 Books    
        Reference Section Reference Section 15/10/2014     621.382KUO (Shelf - 58A) 50233 15/10/2014   Books Reference